000 00587nam a2200181 a 4500
001 3593
005 20140414132038.0
008 040603s19uu xx 00 eng d
020 _a0-671-87129-3
050 _aTR
_bW62 1994
245 _aWho built the ark? :
_cillustrated by Pam Paparone.
_bbased on an African-American Spiritual /
260 _aNew York :
_bSimon & Schuster Books for Young Readers,
_c1994.
300 _a1 v. (unp.) : ill. ; cm.
500 _aTR\Ps
650 _aNoah's ark
_xSongs and music.
650 _aChildren's songs
_xUnited States
_xTexas.
999 _c113783
_d113783